00841 a2200121 4500082002100000100005100021245011700072260002900189300003500218505027600253650014000529700005000669 a307.141.6bL715g aVan Lidth de Jeude, Marije and Schutte, Oliver aCuaderno de Ciencias SocialesbGam(ismo) Cultura y Desarrollo Urbano en la Gran Area Metropolitana de Costa Rica aCosta RicabFLACSOc2010 a183 p.bill (a color)c21.5 cm tIntroducciontSeccion 1 Sobre UrbanismostSeccion 2 Cultura Urbana de la GAM de Cosa RicatSeccion 3 La Imagen Urbana PercibidatSeccion 4 Mapeo Socio-CulturaltSeccion 5 Implicaciones para un Urbanismo Sostenible en la GAM de Costa RicatSiglas y AcronimostBibliografia xciudades y pueblosxcrecimientosxareas metropolitanasxdesarrollo de la comunidad humanaxplanificacionxaspectos socialeszCosta Rica aMarije Van Lidth de Jeude and Oliver Schutte